000 00306nam a22001337a 4500
008 170526b xxu||||| |||| 00| 0 eng d
020 _a9780132209915
041 _aeng
080 _27TH
_a621(075.8)
100 _a27
101 _aIM
245 _aMECHANICS OF MATERIALS
_cHIBBELER, R.C
942 _2udc
_cBK
999 _c14469
_d14469